[Event "ACL-A100"]
[Site "www.playchess.de"]
[Date "2001.03.22"]
[Round "3"]
[White "Kimura"]
[Black "Rparkes"]
[WhiteElo "1500"]
[BlackElo "1500"]
[PlyCount "36"]
[Result "1/2-1/2"]

1.e4 e6 2.d4 d5 3.Nc3 Bb4 4.e5 c5 5.a3 Bxc3+ 
6.bxc3 Qc7 7.Nf3 Ne7 8.a4 c4 9.Be2 Nbc6 10.O-O O-O 
11.Ba3 f5 12.Bd6 Qd7 13.Qd2 b6 14.Ng5 h6 15.Nh3 
Bb7 16.f4 Nd8 17.a5 Nf7 18.Bb4 
b5 1/2-1/2

[Event "HCL-A087"]
[Site "www.playchess.de"]
[Date "2001.03.22"]
[Round "5"]
[White "calponas"]
[Black "peze"]
[WhiteElo "1700"]
[BlackElo "2005"]
[PlyCount "58"]
[Result "1/2-1/2"]

1.e4 {ciao}  e5 {hi! Good luck!}  2.Nf3 {ciao}  
Nf6 3.d4 {Ciao :-)}  Nxe4 4.Bd3 {Good Luck !}  d5 
5.Nxe5 Nd7 6.Nxd7 Bxd7 7.O-O Bd6 8.c4 c6 9.cxd5 
{Ciao :-)}  cxd5 {Hi! :-)}  10.Qh5 {Hi (:-))}  Qf6 
11.Qxd5 Bc6 12.Qc4 {Ciao :-)}  O-O 13.g3 Nc5 
14.Be2 {Ciao (:-))}  b5 15.Qc3 Ne6 16.Be3 Rac8 
17.Qd3 Rfd8 18.Nc3 Bf8 19.Nxb5 Bc5 20.Rac1 {Hi     
    (:-))}  Bxb5 21.Qxb5 Nxd4 22.Bxd4 Bxd4 23.Rxc8 
Rxc8 24.Qb7 Rd8 25.b3 g6 26.Kg2 Bb6 27.Qf3 Qxf3+ 
28.Kxf3 Rd2 29.a4 h5 1/2-1/2

[Event "HCL-B195"]
[Site "www.playchess.de"]
[Date "2001.03.22"]
[Round "10"]
[White "Ludger"]
[Black "Hamburger"]
[WhiteElo "1329"]
[BlackElo "1241"]
[PlyCount "76"]
[Result "1/2-1/2"]

1.d4 Nf6 2.Nc3 g6 3.e4 d6 4.f3 Bg7 5.Be3 O-O 6.Qd2 
e5 7.d5 c6 8.O-O-O c5 9.g4 a6 10.Nge2 b5 11.Ng3 b4 
12.Nb1 a5 13.h4 Kh8 14.h5 Ng8 15.g5 Re8 16.hxg6 
fxg6 17.Qh2 h6 18.gxh6 Bf8 19.Be2 a4 20.Rdg1 a3 
21.b3 Ne7 22.Bg5 Nd7 23.Qh4 Ba6 24.Bf6+ Kh7 25.Rg2 
Qc7 26.Nf5 Bxe2 27.Qg5 Bxf3 28.Nxe7 Bxe4 29.Nxg6 
Nxf6 {schwierige Partie, aber ich denke 29, S b1d2 
hätte zum Matt geführt}  30.Nxf8+ {schwierig, aber 
interessant; hatte Lxe4 schlicht übersehen}  Rexf8 
31.Qg7+ Qxg7 32.hxg7+ Kg8 33.Rh8+ Kf7 34.gxf8Q+ 
{%}  Rxf8 35.Rxf8+ Kxf8 36.Rf2 Kg7 37.c4 Kg6 
38.Nd2 Bd3 1/2-1/2

[Event "ACL-A103"]
[Site "www.playchess.de"]
[Date "2001.03.22"]
[Round "9"]
[White "ADRIAN"]
[Black "wael"]
[WhiteElo "1500"]
[BlackElo "1500"]
[PlyCount "61"]
[Result "1-0"]

1.e4 {good luck!}  c5 2.Nf3 d6 3.Nc3 a6 4.d4 cxd4 
5.Qxd4 Nc6 6.Qd3 Nf6 7.Be2 g6 8.O-O Bg7 9.Nd5 Bg4 
10.c3 Bxf3 11.Qxf3 Ne5 12.Qe3 Rc8 13.Nxf6+ Bxf6 
14.Qa7 Qc7 15.f4 Nc6 16.Qf2 O-O 17.Be3 Bg7 18.Bb6 
Qd7 19.Qh4 e6 20.Rfe1 d5 21.Rad1 Qe7 22.Qxe7 Nxe7 
23.Bf3 Rc6 24.Bf2 Rd8 25.Bh4 f6 26.exd5 Nxd5 27.c4 
Rxc4 28.Rxe6 Rc5 29.Bf2 Kf7 30.Rd6 Rxd6 
31.Bxc5 1-0

[Event "HCL-C197"]
[Site "www.playchess.de"]
[Date "2001.03.22"]
[Round "6"]
[White "Pineywoods"]
[Black "tiberiuskirk"]
[WhiteElo "1000"]
[BlackElo "1108"]
[PlyCount "57"]
[Result "1-0"]

1.c4 e6 2.d4 Nf6 3.g3 d5 4.Bg2 Bb4+ 5.Bd2 Qe7 
6.Nf3 Ne4 7.O-O Bxd2 8.Nbxd2 Nxd2 9.Nxd2 c5 
10.cxd5 exd5 11.dxc5 O-O 12.b4 Be6 13.Qc2 Nc6 
14.a3 a6 15.e4 dxe4 16.Qxe4 Rad8 17.Nf3 Bd5 
18.Qxe7 Nxe7 19.Rfe1 Nc6 20.Rad1 h6 21.h4 Bxf3 
22.Bxf3 Rxd1 23.Rxd1 Rc8 24.Kh2 Kh7 25.Bxc6 Rxc6 
26.Rd7 b5 27.Rxf7 a5 28.Rb7 axb4 
29.axb4 1-0

[Event "HCL-B192"]
[Site "www.playchess.de"]
[Date "2001.03.22"]
[Round "21"]
[White "toilet"]
[Black "jabbaman"]
[WhiteElo "1881"]
[BlackElo "1282"]
[PlyCount "84"]
[Result "1/2-1/2"]

1.e4 g6 2.d4 Bg7 3.Nc3 Nc6 4.Nf3 d6 5.d5 Ne5 
6.Nxe5 dxe5 {Holly cow!}  7.Bb5+ Bd7 8.Be2 c6 {2 
games 1 toilet!}  9.dxc6 Bxc6 10.Qxd8+ Rxd8 11.Be3 
Nf6 12.Bxa7 Nxe4 13.Nxe4 Bxe4 14.Bb5+ Bc6 15.Bxc6+ 
bxc6 16.a4 e4 17.c3 O-O 18.a5 Rda8 19.Bb6 f5 
20.O-O-O Be5 {It all makes sence!}  21.Kc2 {what 
does?}  Bd6 {Your chess skill.}  22.b4 Ra6 {Your 
chess skills are quite good!}  23.Rhf1 Rb8 24.g3 
Raxb6 25.axb6 Rxb6 26.f3 e3 27.Rfe1 c5 28.Rxe3 
cxb4 29.cxb4 {almost :-)}  Rxb4 30.Ra1 f4 31.Re2 
fxg3 32.hxg3 Rc4+ 33.Kd3 Rb4 34.Kc3 Rb5 35.f4 g5 
36.Rh1 gxf4 37.gxf4 h5 38.Reh2 Bxf4 39.R2xh5 {this 
game is almost over}  Rxh5 40.Rxh5 e5 {and it's a 
draw!}  41.Kc4 Kf7 42.Kd5 Kf6 {this game is 
over!!}  1/2-1/2

[Event "HCL-C193"]
[Site "www.playchess.de"]
[Date "2001.03.22"]
[Round "35"]
[White "craigsadler"]
[Black "miskolc"]
[WhiteElo "549"]
[BlackElo "1000"]
[PlyCount "88"]
[Result "0-1"]

1.e4 e6 {good luck and have fun!}  2.d4 {same to 
you!}  d5 3.Nc3 c5 4.Bb5+ Nc6 5.exd5 exd5 6.dxc5 
d4 7.Nce2 Qa5+ 8.Qd2 Qxb5 9.Nxd4 Nxd4 10.Qxd4 Qxc5 
11.Qxc5 Bxc5 12.Be3 Bxe3 13.fxe3 Bg4 14.h3 Be6 
15.O-O-O Rc8 16.b3 Nf6 17.Nf3 Ne4 18.Rd4 Ng3 
19.Re1 O-O 20.Ng5 Rfe8 21.Kb2 h6 22.Nxe6 Rxe6 
23.c4 Nf5 24.Rd3 Rce8 25.e4 R6xe4 26.Rxe4 Rxe4 
27.Rd7 Re7 28.Rxe7 Nxe7 29.Kc3 Kf8 30.Kd4 Ke8 
31.g4 f6 32.a4 Kd7 33.Kc5 g6 34.h4 f5 35.gxf5 Nxf5 
36.b4 Nxh4 37.b5 b6+ 38.Kb4 g5 39.c5 g4 40.cxb6 
axb6 41.a5 bxa5+ 42.Kxa5 Nf5 43.b6 Kc8 44.Ka6 
Kb8 0-1

[Event "HCL-B197"]
[Site "www.playchess.de"]
[Date "2001.03.22"]
[Round "12"]
[White "Zeus"]
[Black "lennin"]
[WhiteElo "1676"]
[BlackElo "1530"]
[PlyCount "51"]
[Result "1-0"]

1.e4 e5 2.Nf3 {Greetings!}  Nf6 3.d4 Nxe4 4.Bd3 d5 
5.Nxe5 Bd6 6.O-O O-O 7.Nd2 Bxe5 8.dxe5 Nc5 9.Nb3 
Nxd3 10.Qxd3 Nc6 11.Bf4 Qd7 12.Rad1 Qg4 13.Qe3 Be6 
14.Rfe1 Ne7 15.f3 Qg6 16.Qc3 c6 17.Qb4 Nf5 18.Qxb7 
Nh4 19.Bg3 Nf5 20.Bf2 Nh6 21.Bxa7 Qxc2 22.Nd4 Qa4 
23.Nxc6 Qxa2 24.Rda1 Qc4 25.Rac1 Qd3 
26.Nb8 1-0

[Event "HCL-C204"]
[Site "www.playchess.de"]
[Date "2001.03.22"]
[Round "3"]
[White "craigsadler"]
[Black "Max"]
[WhiteElo "699"]
[BlackElo "1000"]
[PlyCount "76"]
[Result "0-1"]

1.e4 e5 2.Nf3 Nc6 3.Bc4 Nf6 4.Ng5 d5 5.exd5 Nxd5 
6.d4 exd4 7.O-O Be7 8.Nxf7 Kxf7 9.Qf3+ Bf6 
10.Bxd5+ Be6 11.Bxe6+ Kxe6 12.Re1+ Kf7 13.Bg5 Re8 
14.Rxe8 Qxe8 15.Na3 a6 16.Bxf6 gxf6 17.Qh5+ Kg8 
18.Qxe8+ Rxe8 19.f3 Re2 20.Kf1 Re6 21.Re1 Kf7 
22.Rxe6 Kxe6 23.c3 Kd5 24.cxd4 Kxd4 25.Ke2 Nb4 
26.Kd2 Nxa2 27.Nc2+ Kc4 28.g4 Nb4 29.Nxb4 Kxb4 
30.Kc2 Kc4 31.b3+ Kd4 32.Kd2 c5 33.h4 b5 34.Kc2 c4 
35.b4 Ke3 36.g5 fxg5 37.hxg5 Kxf3 38.Kd2 
Kf4 0-1

[Event "HCL-A090"]
[Site "www.playchess.de"]
[Date "2001.03.22"]
[Round "13"]
[White "Chapo"]
[Black "Gruhni"]
[WhiteElo "1700"]
[BlackElo "1288"]
[PlyCount "59"]
[Result "1-0"]

1.c4 e5 2.Nc3 c6 3.Nf3 d6 4.g3 Nf6 5.Bg2 Be7 6.O-O 
O-O 7.d3 Bg4 8.h3 Bxf3 9.Bxf3 Nbd7 10.b4 a6 11.Qc2 
Rc8 12.Rb1 b5 13.cxb5 cxb5 14.Bb7 Rb8 15.Bxa6 Qb6 
16.Bxb5 Qa7 17.a4 d5 18.Bc6 Rxb4 19.Rxb4 Bxb4 
20.Nxd5 Nxd5 21.Bxd5 Nb6 22.Bb3 Rc8 23.Qa2 Qe7 
24.Be3 Bc5 25.a5 Nd7 26.Rc1 Rf8 27.Bxc5 Nxc5 28.a6 
Nxb3 29.Qxb3 Qa7 30.Qb7 1-0

[Event "ACL-A106"]
[Site "www.playchess.de"]
[Date "2001.03.22"]
[Round "4"]
[White "Venezuela"]
[Black "chessnut"]
[WhiteElo "1500"]
[BlackElo "1701"]
[PlyCount "56"]
[Result "0-1"]

1.e4 {Good Luck!}  e5 2.Nf3 {I am in Jacksonville, 
Florida now, where are you from?}  f5 {I'm from 
Elizabethtown, Kentucky.}  3.Nxe5 Qf6 4.d4 d6 
5.Nf3 fxe4 {We're moving right along in this 
game!}  6.Bg5 Qf5 7.Qe2 Be7 8.Bxe7 exf3 9.gxf3 
Nxe7 10.Nc3 Nbc6 11.Qe4 Qxe4+ 12.Nxe4 Nxd4 
13.O-O-O Nxf3 14.Nc3 Rf8 15.Nd5 Nxd5 16.Rxd5 Be6 
17.Bb5+ c6 18.Bxc6+ bxc6 19.Rxd6 Bd5 20.Rd1 Ke7 
21.R6xd5 cxd5 22.Rxd5 Nxh2 23.Rc5 Rxf2 24.b3 Rd8 
25.Kb2 Nf3 26.a4 g5 27.Rc7+ Rd7 28.Rxd7+ 
Kxd7 0-1

[Event "HCL-A092"]
[Site "www.playchess.de"]
[Date "2001.03.22"]
[Round "2"]
[White "chessnut"]
[Black "One_i"]
[WhiteElo "2067"]
[BlackElo "1484"]
[PlyCount "53"]
[Result "1-0"]

1.c4 Nf6 2.g3 e6 3.Bg2 d5 4.b3 Be7 5.Nf3 c6 6.O-O 
Nbd7 7.Bb2 b6 8.d4 Bb7 9.cxd5 cxd5 10.Nc3 a6 
11.Rc1 O-O 12.Rc2 Rc8 13.Qd3 Ne4 14.Rfc1 Bf6 
15.Qe3 Nxc3 16.R2xc3 Rxc3 17.Qxc3 Qb8 18.Qc7 Rd8 
19.Ba3 Qxc7 20.Rxc7 Bc8 21.g4 g6 22.g5 Bg7 23.Bc1 
b5 24.Bf4 Nb6 25.Ne5 Bxe5 26.Bxe5 Rd7 
27.Rc6 1-0

[Event "HCL-B205"]
[Site "www.playchess.de"]
[Date "2001.03.22"]
[Round "9"]
[White "PieceSeeker"]
[Black "player27"]
[WhiteElo "1328"]
[BlackElo "1461"]
[PlyCount "56"]
[Result "0-1"]

1.e4 e6 {*handshake* good luck}  2.d4 {Good luck}  
d5 3.e5 c5 4.Nf3 Nc6 5.c3 Qb6 6.Be2 cxd4 7.Nxd4 
Nxe5 8.O-O Nf6 9.f4 Nc6 10.Kh1 Bd7 11.b4 Bd6 
12.Na3 a6 13.Nac2 Rc8 14.Be3 Qc7 15.Bd3 Ne4 16.Qg4 
g6 17.Qf3 Nxc3 18.Nxc6 Bxc6 19.Bd4 Rf8 20.Qh3 Bb5 
21.Bxb5+ Nxb5 22.Rac1 Nxd4 23.g4 Ne2 24.Nd4 Nxc1 
25.Qxh7 Qc4 26.Rxc1 Qxc1+ 27.Kg2 Qd2+ 28.Kg3 
Bxf4+ 0-1

[Event "HCL-B201"]
[Site "www.playchess.de"]
[Date "2001.03.22"]
[Round "10"]
[White "didiet68"]
[Black "SAROS"]
[WhiteElo "1200"]
[BlackElo "1256"]
[PlyCount "45"]
[Result "1-0"]

1.e4 {hi..good luck}  b6 {Hi , good luck}  2.d4 
Bb7 3.Nc3 e6 4.Nf3 Bb4 5.Bd3 Bxc3+ 6.bxc3 Nf6 
7.Bg5 h6 8.Bxf6 Qxf6 9.O-O d6 10.Qe2 a6 11.e5 Qe7 
12.exd6 cxd6 13.Rab1 b5 14.c4 bxc4 15.Bxc4 O-O 
16.Rb6 d5 17.Rfb1 Ra7 18.Bd3 Rc8 19.Ne5 Qc7 20.Qh5 
Rf8 21.Rxe6 fxe6 22.Qg6 Rf6 23.Qh7+ 1-0

[Event "HCL-A092"]
[Site "www.playchess.de"]
[Date "2001.03.22"]
[Round "21"]
[White "jmcerna"]
[Black "sage"]
[WhiteElo "2010"]
[BlackElo "1600"]
[PlyCount "57"]
[Result "1-0"]

1.e4 {Hi Sage}  e5 {hello there}  2.Nf3 Nc6 {hi, 
jc and good luck}  3.Bc4 Be7 4.d4 exd4 5.Nxd4 Ne5 
6.Bb3 d6 7.O-O Nf6 8.Nc3 Bg4 9.Qe1 O-O 10.h3 Bh5 
11.g4 Nfxg4 12.hxg4 Bxg4 13.f4 Bh4 14.Qe3 Ng6 
15.Nf3 Bh3 16.Nxh4 Qxh4 17.Rf3 Bd7 18.Bd2 Rfe8 
19.Nd5 Qd8 20.f5 Nh4 21.Rf2 Nxf5 22.Qf3 c6 23.Nc3 
Ne7 24.Bxf7+ Kh8 25.Bxe8 Bxe8 26.Qf8+ Ng8 27.Raf1 
Qb6 28.Na4 Qd4 29.Bc3 1-0

[Event "HCL-A091"]
[Site "www.playchess.de"]
[Date "2001.03.22"]
[Round "5"]
[White "Elmaestro"]
[Black "Gruhni"]
[WhiteElo "1700"]
[BlackElo "1272"]
[PlyCount "47"]
[Result "1-0"]

1.g4 {hi!!, good luck!!!}  d5 {Hi and Good luck to 
you, too!}  2.Bg2 e6 3.Nf3 Nc6 4.d4 h6 5.Nc3 Nf6 
6.h3 {what time is there now?}  Bb4 {It's 8.24 
AM!}  7.a3 {here is 11.35pm, i have to go see you 
tomorrow!!!}  Bxc3+ 8.bxc3 Bd7 9.Rb1 b6 10.Bf4 g5 
11.Bh2 Ne4 12.Qd3 f6 13.c4 Ne7 14.cxd5 exd5 15.O-O 
O-O 16.Nd2 Nxd2 17.Qxd2 Be8 18.e4 Bg6 19.exd5 Nxd5 
20.c4 Bxb1 21.Bxd5+ Kg7 22.Bxa8 Qxa8 23.Rxb1 Qe4 
24.Re1 1-0

[Event "HCL-B202"]
[Site "www.playchess.de"]
[Date "2001.03.22"]
[Round "28"]
[White "Gamlet"]
[Black "uneek"]
[WhiteElo "1500"]
[BlackElo "1191"]
[PlyCount "35"]
[Result "1-0"]

1.e4 c5 {Hello}  2.Nf3 e6 3.d4 cxd4 4.Nxd4 Nc6 
5.c4 a6 6.Be2 Qc7 7.Nc3 Nf6 8.Be3 d6 9.Nb3 Be7 
10.f4 O-O 11.g4 e5 12.f5 h6 13.Qd2 Rd8 14.h4 g6 
15.Bxh6 Nb4 16.h5 d5 17.hxg6 fxg6 
18.Qg5 1-0

[Event "ACL-A110"]
[Site "www.playchess.de"]
[Date "2001.03.22"]
[Round "12"]
[White "anne_t"]
[Black "Habi"]
[WhiteElo "1500"]
[BlackElo "1542"]
[PlyCount "68"]
[Result "0-1"]

1.e4 {hello, i wish u a nice game. Anne}  e6 2.d4 
d5 3.exd5 exd5 4.Be2 Bd6 5.Bg4 Ne7 6.Nc3 Bxg4 
7.Qxg4 O-O 8.Bh6 Ng6 9.Be3 c6 10.Nf3 Nd7 11.Qg5 
Qxg5 12.Nxg5 Nb6 13.b3 Bb4 14.Bd2 {nice game so 
far, for both :)}  Rfe8+ 15.Ne2 Nf4 16.Bxb4 Rxe2+ 
17.Kd1 {SHIT}  Rxf2 18.g3 Ng2 19.Kb1 h6 20.Nh3 Re2 
21.Bd6 Rae8 22.Nf4 Nxf4 23.gxf4 R8e4 24.Rcd1 Nc8 
25.Bc7 Ne7 26.h4 Nf5 27.Bb8 Nxd4 28.Rdc1 a6 29.h5 
Rd2 30.Rhf1 Ree2 31.Kb2 Nxc2 32.Kc3 {is a lost 
game, lucky u}  c5 33.Bd6 Nb4 34.Rca1 
Rd3+ 0-1

[Event "HCL-C203"]
[Site "www.playchess.de"]
[Date "2001.03.22"]
[Round "15"]
[White "yaroslav"]
[Black "donkey"]
[WhiteElo "1136"]
[BlackElo "1210"]
[PlyCount "56"]
[Result "0-1"]

1.e4 c5 2.d4 cxd4 3.Qxd4 Nc6 4.Qc3 e6 5.Nf3 Bb4 
6.Bg5 Bxc3+ 7.bxc3 f6 8.Bh4 Nge7 9.Na3 Qa5 10.Nb5 
d5 11.Bg3 O-O 12.O-O-O Qxa2 13.Nc7 Rb8 14.Bf4 e5 
15.Be3 Qa3+ 16.Kd2 dxe4 17.Ne1 Qd6+ 18.Kc1 Qxc7 
19.Bc5 Qa5 20.Bc4+ Kh8 21.Bd6 Ra8 22.g3 Rd8 23.Ng2 
Qa1+ 24.Kd2 Rxd6+ 25.Ke2 Rxd1 26.Rxd1 Bg4+ 27.Ke3 
Qxd1 28.Nh4 Qe1+ 0-1

[Event "HCL-B204"]
[Site "www.playchess.de"]
[Date "2001.03.22"]
[Round "17"]
[White "scd119"]
[Black "Whatever"]
[WhiteElo "1500"]
[BlackElo "1496"]
[PlyCount "39"]
[Result "1-0"]

1.e4 c5 {Have a good game.}  2.Nf3 Nc6 3.d4 cxd4 
4.Nxd4 g6 5.Be3 Bg7 6.Nc3 Nf6 7.Bc4 O-O 8.Bb3 d6 
9.f3 Bd7 10.Qd2 Nxd4 11.Bxd4 b5 12.h4 a5 13.a4 b4 
14.Nd5 e6 15.Bb6 Qb8 16.Bc7 Qe8 17.Nb6 Nxe4 
18.fxe4 Bxb2 19.Qxd6 Bxa1 20.Nxd7 1-0

[Event "HCL-B204"]
[Site "www.playchess.de"]
[Date "2001.03.22"]
[Round "20"]
[White "Whatever"]
[Black "harkbrw"]
[WhiteElo "1496"]
[BlackElo "1200"]
[PlyCount "51"]
[Result "1-0"]

1.e4 {Have a nice game.}  e5 {thanks! for you 
too!}  2.Nf3 Nc6 3.Bc4 Nf6 4.Ng5 d5 5.exd5 Nxd5 
6.Nxf7 Kxf7 7.Qf3+ Qf6 8.Bxd5+ Be6 9.Bxc6 bxc6 
10.Qxc6 Bd6 11.Nc3 Qg6 12.d3 a5 13.Ne4 Bg4 
14.Nxd6+ cxd6 15.h3 Rac8 16.Qb7+ Ke6 17.hxg4 Qxg4 
18.O-O Rxc2 19.Qb3+ Kd7 20.Qxc2 h5 21.Bd2 h4 
22.Bxa5 Rc8 23.Qd1 Qf5 24.Rc1 Ra8 25.Rc7+ Kd8 
26.Ra7+ 1-0

[Event "ACL-A094"]
[Site "www.playchess.de"]
[Date "2001.03.22"]
[Round "5"]
[White "Zsozso"]
[Black "edanomil"]
[WhiteElo "1641"]
[BlackElo "1500"]
[PlyCount "25"]
[Result "1-0"]

1.e4 {Hello.}  a6 {good luck}  2.d4 b5 3.Nf3 Bb7 
4.Bd3 e6 5.O-O c5 6.c3 Nf6 7.Qe2 Be7 8.a4 c4 9.Bc2 
O-O 10.Ne1 Re8 11.f4 Qc7 12.Nd2 Nc6 
13.e5 1-0

[Event "ACL-A094"]
[Site "www.playchess.de"]
[Date "2001.03.22"]
[Round "13"]
[White "lottalove"]
[Black "Nobby66"]
[WhiteElo "1500"]
[BlackElo "1500"]
[PlyCount "36"]
[Result "0-1"]

1.e4 e5 2.Nf3 Nc6 3.Bc4 Nf6 4.O-O Bc5 5.c3 Nxe4 
6.d4 d5 7.Bb5 exd4 8.cxd4 Bd6 9.Nc3 Nxc3 10.bxc3 
O-O 11.h3 Bf5 12.Bd3 Qd7 13.Qd2 Rae8 14.Bxf5 Qxf5 
15.Qb2 b6 16.Qb5 Na5 17.g4 Qxf3 18.Be3 
Rxe3 0-1

[Event "HCL-A095"]
[Site "www.playchess.de"]
[Date "2001.03.22"]
[Round "11"]
[White "One_i"]
[Black "rtkohn"]
[WhiteElo "1373"]
[BlackElo "1925"]
[PlyCount "102"]
[Result "0-1"]

1.d4 {Good luck to you from Canada}  Nf6 {Have a 
nice game.}  2.Nf3 g6 {Good morning.}  3.Bg5 Bg7 
4.c3 O-O 5.Nbd2 d6 6.e4 c5 7.Be2 cxd4 8.cxd4 d5 
9.e5 Ne4 10.Be3 Nc6 11.O-O f6 12.Nxe4 dxe4 13.Nd2 
Nxd4 14.Bc4+ Kh8 15.exf6 exf6 16.Nxe4 Nf5 17.Bc5 
Re8 18.Qxd8 Rxd8 19.Rad1 Bd7 20.Nd6 Nxd6 21.Bxd6 
Bc6 22.Be7 Rxd1 23.Rxd1 Re8 24.Rd8 Rxd8 25.Bxd8 f5 
26.b3 Bd4 27.Bg5 Kg7 28.Kf1 h6 29.Bd2 g5 30.f3 Kf6 
31.Ke2 h5 32.Be3 Bxe3 33.Kxe3 Ke5 34.Bf7 h4 35.a4 
a5 36.Bc4 Bd7 37.h3 Bc6 38.Bf7 b5 39.axb5 Bxb5 
40.Bg8 Bf1 41.Kf2 Bb5 42.Ke3 f4+ 43.Kf2 Kd4 44.Bf7 
Kc3 45.Be6 Bd3 46.Ke1 Bc2 47.Bc4 Bxb3 48.Be2 a4 
49.Bd1 Bxd1 50.Kxd1 a3 51.Kc1 a2 0-1

[Event "HCL-B216"]
[Site "www.playchess.de"]
[Date "2001.03.22"]
[Round "6"]
[White "donkey"]
[Black "virgil"]
[WhiteElo "1240"]
[BlackElo "1500"]
[PlyCount "45"]
[Result "1-0"]

1.d4 Nf6 2.c4 b6 3.Nf3 e6 4.g3 Bb4+ 5.Bd2 Bxd2+ 
6.Nbxd2 Bb7 7.Bg2 d5 8.O-O O-O 9.Rc1 Qd6 10.cxd5 
Bxd5 11.Nc4 Qb4 12.a3 Qb5 13.Qd3 Nc6 14.Nce5 Qxd3 
15.exd3 Nxe5 16.dxe5 Ng4 17.Rxc7 a5 18.h3 Nxe5 
19.Nxe5 Bxg2 20.Kxg2 Rad8 21.Rfc1 Rd5 22.Nd7 Rd8 
23.Nxb6 1-0

[Event "HCL-B221"]
[Site "www.playchess.de"]
[Date "2001.03.22"]
[Round "9"]
[White "ragadous"]
[Black "patharp"]
[WhiteElo "1400"]
[BlackElo "1200"]
[PlyCount "83"]
[Result "1/2-1/2"]

1.d4 e6 2.e4 {good luck}  d5 {.}  3.e5 c5 
{thx,youtoo.}  4.c3 Nc6 5.Nf3 Qb6 6.a3 Nge7 7.b4 
cxd4 8.cxd4 Ng6 9.Bd3 Be7 10.Be3 Bd7 11.O-O a6 
12.Nbd2 Qc7 13.Nb3 f5 14.Rc1 Qd8 15.Qd2 O-O 16.Bg5 
Bxg5 17.Nxg5 h6 18.Nf3 b5 19.Nc5 Ra7 20.Nxe6 Bxe6 
21.Rxc6 Qe8 22.Rfc1 {i would take the draw pat 
theres no point to this}  Qf7 23.Qc3 {ok stupid 
here goes}  Ne7 24.Rc5 Rc8 25.Qd2 Rxc5 26.Rxc5 Ng6 
27.g3 Rc7 28.Qc2 Rxc5 29.Qxc5 Qe8 30.Nd2 Qc8 
31.Qxc8+ Bxc8 32.f4 Ne7 33.Nb3 Nc6 34.Kf2 g6 35.g4 
Kf7 36.gxf5 Bxf5 37.Bxf5 gxf5 38.Kg3 Kg6 39.Kh4 h5 
40.Kg3 Kg7 41.Kh4 Kg6 42.Kg3 1/2-1/2

[Event "HCL-C217"]
[Site "www.playchess.de"]
[Date "2001.03.22"]
[Round "17"]
[White "Toady"]
[Black "Stephen21"]
[WhiteElo "679"]
[BlackElo "1167"]
[PlyCount "48"]
[Result "0-1"]

1.e4 e6 2.e5 d6 3.exd6 Qxd6 4.Nf3 Nf6 5.Bc4 b6 
6.O-O Bb7 7.Nc3 Qf4 8.d3 Qf5 9.Nb5 Bd6 10.Nxd6+ 
cxd6 11.b3 O-O 12.Bb2 Nbd7 13.Bxf6 Nxf6 14.Nd4 Qf4 
15.c3 a6 16.b4 Rac8 17.Bxe6 fxe6 18.Nxe6 Qh4 
19.Nxf8 Ng4 20.h3 Ne5 21.Ne6 Rxc3 22.Qg4 Nxg4 
{thanks for the queen}  23.hxg4 Qxg4 24.Rfe1 
Qxg2+ 0-1

[Event "ACL-A112"]
[Site "www.playchess.de"]
[Date "2001.03.22"]
[Round "13"]
[White "flywheel"]
[Black "vijal"]
[WhiteElo "1500"]
[BlackElo "1500"]
[PlyCount "21"]
[Result "1-0"]

1.d4 d5 2.Bg5 h6 3.Bh4 Nf6 4.Nc3 c6 5.Nf3 Bf5 6.e3 
Nbd7 7.Bd3 Bxd3 8.Qxd3 e6 9.e4 dxe4 10.Nxe4 Nxe4 
11.Bxd8 1-0

[Event "HCL-B229"]
[Site "www.playchess.de"]
[Date "2001.03.22"]
[Round "33"]
[White "Lycanth"]
[Black "dg"]
[WhiteElo "1200"]
[BlackElo "1095"]
[PlyCount "97"]
[Result "1-0"]

1.e4 {Hi :)}  e5 2.Nf3 Nc6 3.Bb5 d6 4.Nc3 Bd7 
5.Bc4 Nf6 6.O-O g6 7.d4 exd4 8.Nxd4 Bg7 9.Bg5 O-O 
10.Nxc6 Bxc6 11.f4 Qd7 12.Bd5 Bxd5 13.exd5 Nh5 
14.Qd3 h6 15.Bh4 Bxc3 16.Qxc3 Rae8 17.h3 Re4 
18.Bg3 Rfe8 19.Bh2 Qf5 20.g4 Nxf4 21.Bxf4 Qxd5 
22.Bxh6 Qe5 23.Qxe5 R8xe5 24.Bf4 Rd5 25.Rae1 Rc4 
26.Re2 a5 27.b3 Rcd4 28.c4 Rc5 29.Be3 Re4 30.Rfe1 
Rce5 31.Kf2 f5 32.Bd2 R4xe2+ 33.Rxe2 b6 34.Rxe5 
dxe5 35.g5 c6 36.c5 b5 37.Bxa5 Kf7 38.a4 bxa4 
39.bxa4 Ke6 40.Bb6 Kd7 41.a5 Kc8 42.a6 Kb8 43.a7+ 
Ka8 44.h4 e4 45.h5 gxh5 46.g6 h4 47.g7 h3 48.g8Q+ 
{%}  Kb7 49.a8Q+ {%}  1-0

[Event "HCL-B231"]
[Site "www.playchess.de"]
[Date "2001.03.22"]
[Round "8"]
[White "victor"]
[Black "Westqualmer"]
[WhiteElo "1296"]
[BlackElo "1912"]
[PlyCount "42"]
[Result "0-1"]

1.e4 e6 2.d4 d5 3.Nc3 Nf6 4.Bg5 Be7 5.e5 Nfd7 
6.Bxe7 Qxe7 7.f4 O-O 8.Nf3 c5 9.Bb5 Nc6 10.O-O f6 
11.Bxc6 bxc6 12.Ne1 Rb8 13.b3 cxd4 14.Qxd4 fxe5 
15.fxe5 Rxf1+ 16.Kxf1 c5 17.Qf2 Nxe5 18.Kg1 Ba6 
19.Na4 Ng4 20.Qxc5 Qf6 21.Nf3 Qxa1+ 0-1

[Event "HCL-C228"]
[Site "www.playchess.de"]
[Date "2001.03.22"]
[Round "15"]
[White "king27"]
[Black "guigao"]
[WhiteElo "1000"]
[BlackElo "1360"]
[PlyCount "24"]
[Result "0-1"]

1.e4 {hi}  e5 2.g3 Bc5 3.Bg2 d6 4.b3 Nf6 5.Nh3 Bg4 
6.f3 Be6 7.g4 Nc6 8.Ba3 Bd4 9.c3 Bb6 10.c4 Nd7 
11.d3 Qh4+ 12.Nf2 Qxf2+ 0-1

[Event "HCL-C228"]
[Site "www.playchess.de"]
[Date "2001.03.22"]
[Round "33"]
[White "Yurispb"]
[Black "king27"]
[WhiteElo "1000"]
[BlackElo "1000"]
[PlyCount "33"]
[Result "1-0"]

1.e4 Nf6 2.e5 Nd5 3.d4 Nc6 4.c4 Ndb4 5.a3 Na6 6.b4 
Nab8 7.b5 Na5 8.Bd2 b6 9.Bxa5 bxa5 10.Nf3 e6 
11.Bd3 h5 12.Nc3 f6 13.Bg6+ Ke7 14.exf6+ gxf6 
15.Nd5+ exd5 16.Qe2+ Kd6 17.c5+ 1-0

[Event "HCL-B246"]
[Site "www.playchess.de"]
[Date "2001.03.22"]
[Round "8"]
[White "Antagonist"]
[Black "Ciociosan"]
[WhiteElo "1500"]
[BlackElo "1841"]
[PlyCount "22"]
[Result "0-1"]

1.Nc3 d5 2.h3 e5 3.a3 d4 4.Ne4 f5 5.Ng3 {Hello 
Japan. Hello Fumi. Please, how did you upload the 
picture in personal?}  Nf6 {As instructed: it 
needs to be a picture on the www, then type the 
address and that's all!}  6.e4 {thanks. I may find 
something. Do you like H.Murakami? I read 
Norwegian Wood this year, nice story.}  fxe4 {To 
tell you the truth, I'm not much of a reader. I 
found some info on the web. Sounds interesting.}  
7.Nxe4 Nxe4 8.Qh5+ g6 9.Qxe5+ Qe7 10.Qb5+ Nc6 
11.Qd5 Nc3+ 0-1

[Event "HCL-B246"]
[Site "www.playchess.de"]
[Date "2001.03.22"]
[Round "9"]
[White "Ciociosan"]
[Black "Whatever"]
[WhiteElo "1841"]
[BlackElo "1505"]
[PlyCount "23"]
[Result "1-0"]

1.e4 c5 {Have a good game.}  2.Nf3 {Hi! Likewise}  
Nc6 3.d4 cxd4 4.Nxd4 g6 5.Bc4 Bg7 6.c3 Nf6 7.Nxc6 
bxc6 {good morning to japan}  8.e5 {Hi}  Nd5 
9.Bxd5 cxd5 10.Qxd5 Ba6 11.b3 Qc7 
12.Qxa8+ 1-0

[Event "ACL-A127"]
[Site "www.playchess.de"]
[Date "2001.03.22"]
[Round "28"]
[White "Geoffrey16"]
[Black "DIG"]
[WhiteElo "1500"]
[BlackElo "1743"]
[PlyCount "20"]
[Result "0-1"]

1.e4 Nf6 2.e5 Nd5 3.d4 c5 4.c4 Nb4 5.Nf3 cxd4 
6.Nxd4 Qa5 7.Nc3 Qxe5+ 8.Be2 Qxd4 9.Bd2 Nd3+ 
10.Bxd3 Qxd3 0-1

[Event "HCL-B251"]
[Site "www.playchess.de"]
[Date "2001.03.22"]
[Round "5"]
[White "O_Man"]
[Black "dakini"]
[WhiteElo "1167"]
[BlackElo "1137"]
[PlyCount "62"]
[Result "0-1"]

1.e4 {hello again}  e5 {Fine to play again here!}  
2.Nf3 Nf6 3.Bc4 Nxe4 4.Qe2 d5 {We both lost a lot 
of points ... Time to collect again}  5.Nxe5 {I 
like how you play. I believe you will do better 
this tournament}  Bc5 {We´ll see. Outside there 
are 0°C, snow, wet ... no sport weather. time for 
chess.}  6.Nd3 {gone for awhile..bye}  O-O 7.Nc3 
dxc4 8.Nxc5 {I've messed this one up...}  Nxc5 
9.Qxc4 Re8+ 10.Ne2 b6 11.d3 Qe7 12.Be3 Be6 13.Bxc5 
bxc5 14.Qe4 Bd5 15.Qe3 Qxe3 16.fxe3 Rxe3 17.Kd2 
Re7 18.Rae1 Nd7 19.Rhf1 Bxg2 20.Rfg1 Bd5 21.Rg3 
Ne5 22.Nf4 Nf3+ 23.Rxf3 Rxe1 24.Nxd5 Rh1 25.Nxc7 
Rc8 26.Nd5 Rxh2+ 27.Kc3 Re8 28.Kc4 Rxc2+ 29.Kb3 
Ree2 30.Ne3 Rcxb2+ 31.Kc4 Rbxa2 0-1